000 00450cam a22001571 4500
082 _a624.101
_bCAR
_cD
100 1 _aCarpenter, Samuel T.
_942319
245 1 0 _aStructural mechanics.
260 _aNew York,
_bWiley
_c[1960]
300 _axi, 538 p.
_billus.
_c24 cm.
526 _a0
_b0
_c0
_d624_101000000000000_CAR
650 0 _aMechanics.
_910681
650 0 _aNUST/ MCE
_926909
650 0 _aStructural analysis (Engineering)
_9654
942 _2ddc
_cBK
999 _c546259
_d546259